| 000 | 00483nam a2200169Ia 4500 | ||
|---|---|---|---|
| 008 | 210210b2000 xxu||||| |||| 00| 0 eng d | ||
| 020 | _a0 285 63310 4 | ||
| 082 | _a082 PETQ | ||
| 100 | _aPETER (Laurence J). | ||
| 245 | _aQuotations for our time, perfect source book for todays writers & public speakers. Ed 1. | ||
| 250 | _a | ||
| 260 |
_aNew Delhi. _bRupa & Co., _c2000 |
||
| 300 | _a540 | ||
| 650 | _aQuotations Public Speakers | ||
| 690 | _aQuotations | ||
| 906 | _a057452 | ||
| 999 |
_c105117 _d105117 |
||